[Event "Oberliga Ost B 2018 2019"]
[Site "?"]
[Date "2019.04.06"]
[Round "10.2"]
[White "Wege, Jochen"]
[Black "Heinrich, Julius Tobias"]
[Result "1/2-1/2"]
[WhiteElo "2272"]
[BlackElo "2099"]
[PlyCount "135"]
[EventDate "2018.10.21"]
[EventType "team-tourn"]
[EventCountry "GER"]
[WhiteTeam "Frankfurt SC Koenig Nied"]
[BlackTeam "Naumburger SV"]
[WhiteTeamCountry "GER"]
[BlackTeamCountry "GER"]

1. e4 e6 2. d4 d5 3. Nc3 Nf6 4. e5 Nfd7 5. f4 c5 6. Nf3 Nc6 7. Be3 Qb6 8. Qd2
a6 9. O-O-O c4 10. f5 Bb4 11. fxe6 fxe6 12. Ng5 Nf8 13. Qf2 Qc7 14. Be2 h6 15.
Nh3 Bd7 16. Bh5+ g6 17. Qf6 Rg8 18. Rhf1 Nd8 19. Be2 Be7 20. Qf2 b5 21. Bf3 Bc6
22. Nf4 Qb7 23. Nce2 b4 24. Kb1 Rb8 25. c3 a5 26. cxb4 Qxb4 27. Rd2 c3 28. Rc2
Ba4 29. Nxc3 Bxc2+ 30. Qxc2 Qc4 31. Rf2 Ba3 32. Qc1 Rg7 33. Ka1 Rc7 34. Bd1 Bb4
35. Rc2 Qa6 36. Be2 Qc8 37. Bd2 Bxc3 38. Bxc3 a4 39. a3 Rb3 40. Bd3 Kf7 41. Ne2
Kg7 42. Bb4 Rxc2 43. Bxc2 Rxb4 44. axb4 Qc4 45. Qd2 Nc6 46. Qc3 Qxe2 47. Qxc6
Qe1+ 48. Ka2 Qxb4 49. Qc5 Qd2 50. Bxa4 Qxg2 51. Be8 Qf2 52. Qe7+ Kg8 53. Qf6
Qxf6 54. exf6 Nh7 55. Bxg6 Nxf6 56. Ka3 Kf8 57. Kb4 Ke7 58. Kc5 Ng4 59. h3 Nf2
60. h4 Kd7 61. b3 Kc7 62. h5 Kd7 63. b4 Kc7 64. b5 Ne4+ 65. Kb4 Nd6 66. Kc5
Nb7+ 67. Kb4 Nd6 68. Kc5 1/2-1/2

[Event "Oberliga Ost B 2018 2019"]
[Site "?"]
[Date "2019.04.06"]
[Round "10.3"]
[White "Gering, Samuel"]
[Black "Chandler, Patrick"]
[Result "1/2-1/2"]
[WhiteElo "2064"]
[BlackElo "2150"]
[PlyCount "113"]
[EventDate "2018.10.21"]
[EventType "team-tourn"]
[EventCountry "GER"]
[WhiteTeam "Naumburger SV"]
[BlackTeam "Frankfurt SC Koenig Nied"]
[WhiteTeamCountry "GER"]
[BlackTeamCountry "GER"]

1. g3 d5 2. Bg2 c6 3. d3 e5 4. Nf3 f6 5. O-O Be6 6. e4 d4 7. a4 c5 8. Na3 Nc6
9. Nh4 g5 10. Nf5 Nge7 11. f4 gxf4 12. gxf4 Qd7 13. fxe5 Nxe5 14. Nxe7 Bxe7 15.
Qh5+ Ng6 16. Nc4 O-O-O 17. Bf4 Nxf4 18. Rxf4 Rdg8 19. Kh1 Rg5 20. Qe2 Rhg8 21.
Rf2 Kb8 22. b3 Bd8 23. Qf3 R5g6 24. Re1 Bg4 25. Qf4+ Bc7 26. e5 Qc8 27. Bd5 Be6
28. Bg2 fxe5 29. Nxe5 Rg5 30. Qf6 Bd8 31. Nc6+ bxc6 32. Qxe6 R5g6 33. Qxc8+
Kxc8 34. Ref1 Be7 35. Be4 Rh6 36. Rg2 Rxg2 37. Kxg2 Bd6 38. h3 Rh5 39. Rf5 Rh4
40. Rf6 Kc7 41. Rf7+ Kb6 42. Bxh7 a6 43. Be4 Rh8 44. Rf6 Be7 45. Rxc6+ Ka5 46.
Re6 Bh4 47. Bb7 Rf8 48. Rxa6+ Kb4 49. Rb6+ Kc3 50. a5 Rf2+ 51. Kg1 Rxc2 52. a6
Ra2 53. Bd5 Kd2 54. Rg6 Ke3 55. Kf1 Rf2+ 56. Kg1 Ra2 57. Kf1 1/2-1/2

[Event "Oberliga Ost B 2018 2019"]
[Site "?"]
[Date "2019.04.06"]
[Round "10.4"]
[White "Uwira, Oliver"]
[Black "Huth, Volkmar"]
[Result "1/2-1/2"]
[WhiteElo "2188"]
[BlackElo "2115"]
[PlyCount "109"]
[EventDate "2018.10.21"]
[EventType "team-tourn"]
[EventCountry "GER"]
[WhiteTeam "Frankfurt SC Koenig Nied"]
[BlackTeam "Naumburger SV"]
[WhiteTeamCountry "GER"]
[BlackTeamCountry "GER"]

1. d4 Nf6 2. c4 g6 3. Nc3 Bg7 4. e4 d6 5. f3 O-O 6. Bg5 c5 7. d5 e6 8. Qd2 exd5
9. cxd5 Re8 10. Nge2 b5 11. Nxb5 Ba6 12. Nec3 Bxb5 13. Bxb5 Re7 14. O-O a6 15.
Ba4 Qb6 16. Kh1 Nbd7 17. Bxd7 Rxd7 18. Rae1 Rb8 19. b3 Qb4 20. Nb1 a5 21. Qf4
Ne8 22. Qg4 Ra7 23. Bd2 Qb5 24. Bc3 Bxc3 25. Nxc3 Qb4 26. Rc1 c4 27. bxc4 Qxc4
28. Qg5 Rc7 29. h4 Rbc8 30. Qe3 Rc5 31. Kh2 Qb4 32. Ne2 Qb2 33. Rxc5 Rxc5 34.
Nc1 Rc2 35. Rg1 a4 36. Kh3 h5 37. Qf4 Kg7 38. Kh2 Qd4 39. Qg3 Nf6 40. Re1 Qd2
41. Ne2 Rxa2 42. Nf4 Qc3 43. e5 dxe5 44. Rxe5 Ra1 45. Qg5 Re1 46. Rf5 Qa1 47.
Kg3 Rh1 48. Re5 Qg1 49. Nxg6 Nh7 50. Qf5 Qh2+ 51. Kf2 fxg6 52. Re7+ Kh6 53.
Rxh7+ Kxh7 54. Qf7+ Kh8 55. Qf8+ 1/2-1/2

[Event "Oberliga Ost B 2018 2019"]
[Site "?"]
[Date "2019.04.06"]
[Round "10.5"]
[White "Haertig, Jens"]
[Black "Graf, Gerd"]
[Result "1/2-1/2"]
[WhiteElo "2144"]
[BlackElo "2240"]
[PlyCount "118"]
[EventDate "2018.10.21"]
[EventType "team-tourn"]
[EventCountry "GER"]
[WhiteTeam "Naumburger SV"]
[BlackTeam "Frankfurt SC Koenig Nied"]
[WhiteTeamCountry "GER"]
[BlackTeamCountry "GER"]

1. Nf3 g6 2. d4 Bg7 3. e4 d6 4. Nc3 Nf6 5. Be2 O-O 6. O-O c6 7. h3 Qc7 8. Be3
Nbd7 9. Qd2 b5 10. a3 Bb7 11. Bh6 a6 12. Bxg7 Kxg7 13. Qe3 e5 14. dxe5 dxe5 15.
Rad1 Rfe8 16. Nh4 h6 17. Bg4 Nf8 18. Rd2 Rad8 19. Rfd1 Rxd2 20. Rxd2 Nxg4 21.
hxg4 Bc8 22. f3 Ne6 23. Ne2 Rd8 24. Kf2 Rxd2 25. Qxd2 Qe7 26. g3 Qc5+ 27. Kf1
Ng5 28. Nc3 Be6 29. Kg2 Nh7 30. Qf2 Qd6 31. Qe3 c5 32. Kf2 Nf8 33. Ng2 Nd7 34.
Ne1 c4 35. Ke2 Qc6 36. Na2 a5 37. Qa7 Qb6 38. Qxb6 Nxb6 39. Kd2 Kf8 40. Nc3 b4
41. axb4 axb4 42. Nd1 Ke7 43. c3 b3 44. Ng2 Bd7 45. Nge3 Kd6 46. Ke2 Kc5 47.
Kd2 Bc6 48. Ke2 Nd7 49. Nf1 Nf6 50. Nd2 Bd7 51. Ne3 Be6 52. Kf2 Nd7 53. Nb1 Nb6
54. Nd2 Na4 55. Nd1 Kb5 56. Ke3 Nc5 57. Nf2 Na4 58. Nd1 Nc5 59. Kf2 Na4 1/2-1/2

[Event "Oberliga Ost B 2018 2019"]
[Site "?"]
[Date "2019.04.06"]
[Round "10.6"]
[White "Perlitz, Sven"]
[Black "Will, Matthias"]
[Result "1/2-1/2"]
[WhiteElo "2100"]
[BlackElo "1999"]
[PlyCount "114"]
[EventDate "2018.10.21"]
[EventType "team-tourn"]
[EventCountry "GER"]
[WhiteTeam "Frankfurt SC Koenig Nied"]
[BlackTeam "Naumburger SV"]
[WhiteTeamCountry "GER"]
[BlackTeamCountry "GER"]

1. e4 Nf6 2. e5 Nd5 3. d4 d6 4. c4 Nb6 5. exd6 cxd6 6. a4 a5 7. Be3 Nc6 8. b3
g6 9. Nc3 Bg7 10. Rc1 O-O 11. Nf3 Bg4 12. Be2 d5 13. c5 Nc8 14. O-O e6 15. Nb5
Qd7 16. h3 Bxf3 17. Bxf3 N8e7 18. Be2 Nf5 19. Qd2 Nxe3 20. fxe3 f5 21. Rf2 Rfd8
22. Rcf1 Qe7 23. Bf3 Qg5 24. Nc7 Re8 25. Nxa8 Rxa8 26. Qd3 Rd8 27. Re1 Bh6 28.
Qb5 Qe7 29. g3 Qc7 30. Kh2 Rf8 31. Bg2 Bg5 32. Qe2 Nb4 33. Rf3 Bh4 34. Rd1 h5
35. Qf2 g5 36. Kh1 g4 37. hxg4 hxg4 38. gxh4 gxf3 39. Bxf3 Kh8 40. Rg1 Rg8 41.
Rg5 Rxg5 42. hxg5 Qh7+ 43. Kg2 Nc6 44. Qg3 Kg7 45. Qc7+ Kg6 46. Qxh7+ Kxh7 47.
Kg3 Kg6 48. Kf4 Nd8 49. Ke5 Nf7+ 50. Kxe6 Nxg5+ 51. Kxd5 Nxf3 52. c6 bxc6+ 53.
Kxc6 f4 54. exf4 Nxd4+ 55. Kc5 Nxb3+ 56. Kc4 Nd2+ 57. Kb5 Nb3 1/2-1/2

[Event "Oberliga Ost B 2018 2019"]
[Site "?"]
[Date "2019.04.06"]
[Round "10.7"]
[White "Muekke, Jens Frieder"]
[Black "Goll, Christof"]
[Result "1/2-1/2"]
[WhiteElo "1974"]
[BlackElo "2080"]
[PlyCount "36"]
[EventDate "2018.10.21"]
[EventType "team-tourn"]
[EventCountry "GER"]
[WhiteTeam "Naumburger SV"]
[BlackTeam "Frankfurt SC Koenig Nied"]
[WhiteTeamCountry "GER"]
[BlackTeamCountry "GER"]

1. e4 e6 2. d3 d5 3. Nd2 Nf6 4. Qe2 Be7 5. g3 O-O 6. Bg2 c5 7. Ngf3 Nc6 8. O-O
b5 9. a3 Rb8 10. h3 a5 11. b3 Bb7 12. Bb2 d4 13. Rae1 Re8 14. e5 Nd5 15. Ne4
Qc7 16. Ned2 Qd8 17. Ne4 Qc7 18. Ned2 Qd8 1/2-1/2

[Event "Oberliga Ost B 2018 2019"]
[Site "?"]
[Date "2019.04.06"]
[Round "10.8"]
[White "Bittner, Peter"]
[Black "Roessler, Bernd"]
[Result "1/2-1/2"]
[WhiteElo "1846"]
[BlackElo "2070"]
[PlyCount "56"]
[EventDate "2018.10.21"]
[EventType "team-tourn"]
[EventCountry "GER"]
[WhiteTeam "Frankfurt SC Koenig Nied"]
[BlackTeam "Naumburger SV"]
[WhiteTeamCountry "GER"]
[BlackTeamCountry "GER"]

1. d4 Nf6 2. Bf4 c6 3. Nf3 d5 4. e3 Bg4 5. Be2 e6 6. Ne5 Bf5 7. Nd2 Nbd7 8.
Nxd7 Qxd7 9. Nf3 Bd6 10. Bxd6 Qxd6 11. c3 Be4 12. Bd3 Bxf3 13. Qxf3 a6 14. Rc1
c5 15. O-O c4 16. Bb1 b5 17. e4 dxe4 18. Bxe4 Nxe4 19. Qxe4 O-O 20. f4 Rfe8 21.
Rf3 Qd5 22. Re1 Qxe4 23. Rxe4 f6 24. Rfe3 Kf7 25. a3 Rad8 26. Kf2 Rd5 27. g4 g6
28. h3 h6 1/2-1/2

[Event "Oberliga Ost B 2018 2019"]
[Site "?"]
[Date "2019.04.06"]
[Round "10.1"]
[White "Mueller, Maximilian"]
[Black "Henrich, Thomas"]
[Result "1-0"]
[WhiteElo "2295"]
[BlackElo "2170"]
[PlyCount "43"]
[EventDate "2018.10.21"]
[EventType "team-tourn"]
[EventCountry "GER"]
[WhiteTeam "Gernsheim SK"]
[BlackTeam "Marburg SK"]
[WhiteTeamCountry "GER"]
[BlackTeamCountry "GER"]

1. e4 e6 2. d4 d5 3. exd5 exd5 4. c4 Nf6 5. Nc3 Bb4 6. Bd3 O-O 7. Bg5 dxc4 8.
Bxc4 Qe8+ 9. Nge2 Ne4 10. Be3 Nxc3 11. bxc3 Bd6 12. O-O Nc6 13. Re1 Bf5 14. Ng3
Bxg3 15. hxg3 Qd7 16. Bf4 Rfe8 17. Qa4 h6 18. d5 Ne7 19. Qxd7 Bxd7 20. Bxc7
Rac8 21. d6 Ng6 22. Bd5 1-0

[Event "Oberliga Ost B 2018 2019"]
[Site "?"]
[Date "2019.04.06"]
[Round "10.2"]
[White "Dorst, Johannes"]
[Black "Hebbering, Tom Elliot"]
[Result "1-0"]
[WhiteElo "2281"]
[BlackElo "2217"]
[PlyCount "115"]
[EventDate "2018.10.21"]
[EventType "team-tourn"]
[EventCountry "GER"]
[WhiteTeam "Marburg SK"]
[BlackTeam "Gernsheim SK"]
[WhiteTeamCountry "GER"]
[BlackTeamCountry "GER"]

1. e4 e5 2. Nf3 Nc6 3. Bc4 Nf6 4. d3 Be7 5. O-O O-O 6. Re1 d6 7. a4 Na5 8. Ba2
c5 9. c3 Nc6 10. Na3 Be6 11. Bxe6 fxe6 12. Nc4 h6 13. h3 b6 14. Bd2 Qe8 15. b4
Qg6 16. b5 Nb8 17. Nh2 Nbd7 18. a5 d5 19. exd5 exd5 20. Nxe5 Nxe5 21. Rxe5 Bd6
22. Re3 d4 23. cxd4 cxd4 24. Rf3 Bxh2+ 25. Kxh2 Nd5 26. Rg3 Qd6 27. Qg4 Qf6 28.
Re1 Rae8 29. Rxe8 Rxe8 30. Qd7 Qf7 31. Qc6 Ne7 32. Qc1 Nf5 33. Rf3 Qe6 34. Rf4
Rc8 35. Qd1 Rc5 36. Re4 Re5 37. Qg4 h5 38. Qe2 Rxe4 39. dxe4 Nd6 40. axb6 axb6
41. e5 Nc4 42. f4 Nxd2 43. Qxd2 Qd5 44. Qd3 Qc5 45. e6 Kf8 46. Qg6 Qc7 47. Kg3
Qe7 48. Kf2 h4 49. Ke2 Qc7 50. Qf7+ Qxf7 51. exf7 Kxf7 52. Kd3 Ke6 53. Kxd4 g6
54. Ke4 Kd6 55. Kf3 Kc5 56. g4 Kxb5 57. f5 gxf5 58. g5 1-0

[Event "Oberliga Ost B 2018 2019"]
[Site "?"]
[Date "2019.04.06"]
[Round "10.3"]
[White "Neumann, Martin"]
[Black "Alber, Horst"]
[Result "1-0"]
[WhiteElo "2076"]
[BlackElo "2281"]
[PlyCount "81"]
[EventDate "2018.10.21"]
[EventType "team-tourn"]
[EventCountry "GER"]
[WhiteTeam "Gernsheim SK"]
[BlackTeam "Marburg SK"]
[WhiteTeamCountry "GER"]
[BlackTeamCountry "GER"]

1. d4 Nf6 2. Bg5 g6 3. Bxf6 exf6 4. c4 f5 5. g3 Bg7 6. Nc3 O-O 7. e3 d6 8. Bg2
Nd7 9. Nge2 Nf6 10. Qd3 Re8 11. O-O h5 12. b4 h4 13. a4 c6 14. b5 d5 15. bxc6
bxc6 16. cxd5 cxd5 17. Rfc1 Bh6 18. Nb5 Re7 19. Ra3 Ne4 20. Ra2 Be6 21. Rac2
Qa5 22. Nc7 Rb8 23. Qa6 Qxa6 24. Nxa6 Rb3 25. Nc3 Ra3 26. Nc5 Nxc5 27. dxc5 d4
28. Nb5 Rxa4 29. Nxd4 Bg7 30. Rd2 Rc7 31. Nb5 Re7 32. c6 a6 33. Nd6 Rc7 34. Ne8
Rc8 35. c7 Rxe8 36. Bc6 Rc8 37. Bxa4 Kf8 38. f4 hxg3 39. hxg3 Ke7 40. Bd1 a5
41. Bf3 1-0

[Event "Oberliga Ost B 2018 2019"]
[Site "?"]
[Date "2019.04.06"]
[Round "10.4"]
[White "Rolle, Eric"]
[Black "Peterson, Emery"]
[Result "1-0"]
[WhiteElo "2206"]
[BlackElo "2161"]
[PlyCount "71"]
[EventDate "2018.10.21"]
[EventType "team-tourn"]
[EventCountry "GER"]
[WhiteTeam "Marburg SK"]
[BlackTeam "Gernsheim SK"]
[WhiteTeamCountry "GER"]
[BlackTeamCountry "GER"]

1. d4 e6 2. Bf4 d5 3. e3 Bd6 4. Bg3 f5 5. c4 c6 6. Nc3 Nf6 7. Bd3 O-O 8. Qc2
Ne4 9. Nge2 b6 10. Bxd6 Nxd6 11. cxd5 exd5 12. b4 a6 13. a4 Bb7 14. Nf4 Qe7 15.
h4 Nd7 16. g4 Nf6 17. gxf5 Nfe4 18. Bxe4 dxe4 19. Qb3+ Qf7 20. Qxf7+ Rxf7 21.
a5 Rxf5 22. axb6 Nb5 23. Nce2 Nd6 24. Ra5 Rb5 25. Rxb5 cxb5 26. Ne6 Rc8 27. Rg1
g6 28. Nc5 Rc6 29. h5 Kf7 30. d5 Rxb6 31. Nd7 Nc4 32. Nxb6 Nxb6 33. hxg6+ hxg6
34. Nf4 Nxd5 35. Nxd5 Bxd5 36. Rg5 1-0

[Event "Oberliga Ost B 2018 2019"]
[Site "?"]
[Date "2019.04.06"]
[Round "10.5"]
[White "Nies, Peter"]
[Black "Duncker, Joachim"]
[Result "0-1"]
[WhiteElo "2075"]
[BlackElo "2176"]
[PlyCount "104"]
[EventDate "2018.10.21"]
[EventType "team-tourn"]
[EventCountry "GER"]
[WhiteTeam "Gernsheim SK"]
[BlackTeam "Marburg SK"]
[WhiteTeamCountry "GER"]
[BlackTeamCountry "GER"]

1. e4 d5 2. exd5 Nf6 3. d4 Bg4 4. Bb5+ Nbd7 5. Be2 Bxe2 6. Qxe2 Nxd5 7. c4 N5f6
8. Nc3 g6 9. Nf3 Bg7 10. O-O O-O 11. Bf4 c6 12. Rad1 Re8 13. Rfe1 Qa5 14. Ne5
Rad8 15. h3 Nf8 16. Qe3 N6d7 17. Kh1 Nxe5 18. Bxe5 Bxe5 19. dxe5 Ne6 20. f4 Qc5
21. Qxc5 Nxc5 22. Rxd8 Rxd8 23. Rd1 Rxd1+ 24. Nxd1 Nd3 25. g3 g5 26. fxg5 Nxe5
27. b3 Kg7 28. h4 Ng4 29. Kg2 Kg6 30. Kf3 Kf5 31. Nc3 Ne5+ 32. Ke3 Kg4 33. Ne4
b6 34. Kf2 Nd3+ 35. Kg2 a5 36. Nc3 Nc5 37. Kf2 e6 38. Kg2 e5 39. Kf2 e4 40. Ne2
a4 41. bxa4 Nxa4 42. Nd4 Nb2 43. Nxc6 Nxc4 44. a4 e3+ 45. Ke2 Kxg3 46. h5 Kf4
47. g6 fxg6 48. hxg6 hxg6 49. Ne7 g5 50. Nd5+ Ke4 51. Nf6+ Kd4 52. Nd7 g4 0-1

[Event "Oberliga Ost B 2018 2019"]
[Site "?"]
[Date "2019.04.06"]
[Round "10.6"]
[White "Neidhardt, Helge"]
[Black "Rosenberger, Frank"]
[Result "1/2-1/2"]
[WhiteElo "2094"]
[BlackElo "2018"]
[PlyCount "45"]
[EventDate "2018.10.21"]
[EventType "team-tourn"]
[EventCountry "GER"]
[WhiteTeam "Marburg SK"]
[BlackTeam "Gernsheim SK"]
[WhiteTeamCountry "GER"]
[BlackTeamCountry "GER"]

1. d4 d5 2. c4 c6 3. Nf3 Nf6 4. e3 e6 5. Nc3 Nbd7 6. Qc2 Bd6 7. b3 Qe7 8. Bb2
O-O 9. Be2 Re8 10. Rd1 b6 11. O-O Bb7 12. e4 dxe4 13. Nxe4 Nxe4 14. Qxe4 Nf6
15. Qh4 Nd7 16. Qh3 Rad8 17. Bd3 h6 18. Rfe1 Qf8 19. Be4 Ba3 20. Ba1 Bb4 21.
Re3 Nf6 22. Bc2 Be7 23. Bc3 1/2-1/2

[Event "Oberliga Ost B 2018 2019"]
[Site "?"]
[Date "2019.04.06"]
[Round "10.7"]
[White "Rolf, Marco"]
[Black "Nekhamkis, Genadi"]
[Result "1/2-1/2"]
[WhiteElo "2056"]
[BlackElo "2140"]
[PlyCount "109"]
[EventDate "2018.10.21"]
[EventType "team-tourn"]
[EventCountry "GER"]
[WhiteTeam "Gernsheim SK"]
[BlackTeam "Marburg SK"]
[WhiteTeamCountry "GER"]
[BlackTeamCountry "GER"]

1. d4 f5 2. Nc3 Nf6 3. Bg5 d5 4. Bxf6 exf6 5. e3 Be6 6. Bd3 Qd7 7. h4 Nc6 8.
Nh3 O-O-O 9. Nf4 Bf7 10. Qf3 Kb8 11. h5 a6 12. Nfe2 Be6 13. a3 Rg8 14. O-O-O
Ne7 15. Nf4 Bf7 16. Rdg1 c6 17. g4 fxg4 18. Rxg4 f5 19. Rg5 g6 20. hxg6 hxg6
21. Rh7 Rg7 22. Qh3 Qd6 23. Rg1 Qf6 24. Rh8 Ka7 25. Qg3 Ng8 26. Nce2 g5 27. Nh5
Bxh5 28. Rxh5 Be7 29. Qe5 Qf7 30. Rhh1 Rf8 31. Bxf5 Qf6 32. Ng3 Nh6 33. Qxf6
Rxf6 34. Bd3 Rgf7 35. e4 Ng4 36. e5 Rf4 37. Bg6 Nxf2 38. Bxf7 Nxh1 39. Ne2 Rxf7
40. Rxh1 Kb6 41. Kd2 Kc7 42. Ke3 g4 43. Rh5 Rf3+ 44. Kd2 Kd7 45. Rh7 Rf5 46.
Ke1 Ke6 47. Rh6+ Kf7 48. Rh7+ Ke6 49. Rh6+ Kf7 50. Rh7+ Ke6 51. c3 Rf7 52. Rh6+
Kf5 53. Ng3+ Kf4 54. e6 Rf8 55. Ne2+ 1/2-1/2

[Event "Oberliga Ost B 2018 2019"]
[Site "?"]
[Date "2019.04.06"]
[Round "10.8"]
[White "Foermes, Alexander"]
[Black "Kuehner, Tobias"]
[Result "1-0"]
[WhiteElo "2060"]
[BlackElo "1773"]
[PlyCount "29"]
[EventDate "2018.10.21"]
[EventType "team-tourn"]
[EventCountry "GER"]
[WhiteTeam "Marburg SK"]
[BlackTeam "Gernsheim SK"]
[WhiteTeamCountry "GER"]
[BlackTeamCountry "GER"]

1. d4 d5 2. Bf4 Nf6 3. e3 e6 4. Nf3 Be7 5. c3 O-O 6. Nbd2 c5 7. Bd3 Nbd7 8. Ne5
a5 9. h4 Nxe5 10. dxe5 Nd7 11. Nf3 b6 12. Bxh7+ Kxh7 13. Ng5+ Kg8 14. Qh5 Bxg5
15. hxg5 1-0

[Event "Oberliga Ost B 2018 2019"]
[Site "?"]
[Date "2019.04.06"]
[Round "10.1"]
[White "Lubbe, Nikolas"]
[Black "Kuznecovs, Nikita"]
[Result "1-0"]
[WhiteElo "2452"]
[BlackElo "2312"]
[PlyCount "107"]
[EventDate "2018.10.21"]
[EventType "team-tourn"]
[EventCountry "GER"]
[WhiteTeam "Neuberg SF"]
[BlackTeam "Stadtilm SG BW"]
[WhiteTeamCountry "GER"]
[BlackTeamCountry "GER"]

1. e4 e6 2. d4 d5 3. Nd2 Be7 4. Ngf3 Nf6 5. e5 Nfd7 6. Bd3 c5 7. c3 Nc6 8. O-O
g5 9. dxc5 g4 10. Nd4 Ndxe5 11. Bb5 Bd7 12. Bxc6 bxc6 13. f4 Ng6 14. b4 a5 15.
Qe2 Qb8 16. N2b3 axb4 17. f5 exf5 18. Bh6 f4 19. cxb4 Qxb4 20. Bxf4 O-O 21. Bh6
Bxc5 22. Nxc5 Qxc5 23. Qf2 f5 24. Bxf8 Rxf8 25. Nb3 Qd6 26. Qc5 Qf6 27. Qd4 Qg5
28. Nc5 Bc8 29. Rae1 Nh4 30. Qf4 Qf6 31. Qe5 Qh6 32. a4 Ng6 33. Qd6 Qd2 34. Rd1
Qe3+ 35. Kh1 f4 36. Rfe1 Qf2 37. Qxc6 f3 38. Qxd5+ Kg7 39. Qd4+ Qxd4 40. Rxd4
Rf5 41. Rc4 h5 42. gxf3 gxf3 43. Ne4 Be6 44. Rc7+ Kh6 45. Nf2 Bb3 46. Ra7 Rc5
47. Ra6 Rc2 48. Kg1 Kg7 49. h3 Kf7 50. Ra5 Kf6 51. Re3 Rc1+ 52. Kh2 Nh4 53.
Rxb3 Rc2 54. Rb6+ 1-0

[Event "Oberliga Ost B 2018 2019"]
[Site "?"]
[Date "2019.04.06"]
[Round "10.2"]
[White "Siebarth, Raiko"]
[Black "Lubbe, Melanie"]
[Result "1-0"]
[WhiteElo "2265"]
[BlackElo "2304"]
[PlyCount "83"]
[EventDate "2018.10.21"]
[EventType "team-tourn"]
[EventCountry "GER"]
[WhiteTeam "Stadtilm SG BW"]
[BlackTeam "Neuberg SF"]
[WhiteTeamCountry "GER"]
[BlackTeamCountry "GER"]

1. e4 d6 2. d4 Nf6 3. Nc3 e5 4. Nf3 Nbd7 5. Bc4 Be7 6. O-O Nb6 7. Bd3 exd4 8.
Nxd4 O-O 9. a4 a5 10. h3 c6 11. Re1 Re8 12. Bf4 Bf8 13. Qf3 Nfd7 14. Qg3 Ne5
15. Rad1 Qc7 16. Bf1 Bd7 17. b3 Rad8 18. Bg5 Rc8 19. f4 Ng6 20. h4 d5 21. h5
Ne7 22. Bf6 Qd6 23. e5 Qc5 24. Bxe7 Rxe7 25. Kh1 Rce8 26. f5 f6 27. e6 Bc8 28.
Nce2 Na8 29. Nf4 Rc7 30. c4 dxc4 31. Bxc4 Bd6 32. Qg4 Nb6 33. Nd3 Qa3 34. Ra1
Nxc4 35. Rxa3 Nxa3 36. Nf2 b5 37. Ne4 Be5 38. Nf3 Bb2 39. Qg3 Rce7 40. Qf2 Be5
41. Nxe5 fxe5 42. f6 1-0

[Event "Oberliga Ost B 2018 2019"]
[Site "?"]
[Date "2019.04.06"]
[Round "10.3"]
[White "Kuenstler, Christian"]
[Black "Schneider, Christian"]
[Result "1/2-1/2"]
[WhiteElo "2277"]
[BlackElo "2191"]
[PlyCount "35"]
[EventDate "2018.10.21"]
[EventType "team-tourn"]
[EventCountry "GER"]
[WhiteTeam "Neuberg SF"]
[BlackTeam "Stadtilm SG BW"]
[WhiteTeamCountry "GER"]
[BlackTeamCountry "GER"]

1. d4 Nf6 2. Nf3 e6 3. Bg5 d5 4. e3 Nbd7 5. Bd3 c5 6. c3 Be7 7. Nbd2 h6 8. Bh4
b6 9. O-O Bb7 10. Ne5 cxd4 11. exd4 Nxe5 12. dxe5 Nd7 13. Bxe7 Qxe7 14. Bb5 O-O
15. Bxd7 Qxd7 16. Nf3 d4 17. Nxd4 Qd5 18. Qf3 1/2-1/2

[Event "Oberliga Ost B 2018 2019"]
[Site "?"]
[Date "2019.04.06"]
[Round "10.4"]
[White "George, Tom"]
[Black "Wahedi, Ahmad Siar"]
[Result "1/2-1/2"]
[WhiteElo "2218"]
[BlackElo "2275"]
[PlyCount "26"]
[EventDate "2018.10.21"]
[EventType "team-tourn"]
[EventCountry "GER"]
[WhiteTeam "Stadtilm SG BW"]
[BlackTeam "Neuberg SF"]
[WhiteTeamCountry "GER"]
[BlackTeamCountry "GER"]

1. e4 e6 2. d4 d5 3. Nd2 a5 4. Bd3 a4 5. Ngf3 Nf6 6. O-O c5 7. exd5 Nxd5 8. Ne4
cxd4 9. Nxd4 Be7 10. Qf3 O-O 11. Rd1 Nd7 12. Qg3 Bh4 13. Qd6 Be7 1/2-1/2

[Event "Oberliga Ost B 2018 2019"]
[Site "?"]
[Date "2019.04.06"]
[Round "10.5"]
[White "Lutz, Klaus Juergen"]
[Black "Siebarth, Marco"]
[Result "1-0"]
[WhiteElo "2220"]
[BlackElo "2044"]
[PlyCount "117"]
[EventDate "2018.10.21"]
[EventType "team-tourn"]
[EventCountry "GER"]
[WhiteTeam "Neuberg SF"]
[BlackTeam "Stadtilm SG BW"]
[WhiteTeamCountry "GER"]
[BlackTeamCountry "GER"]

1. e4 c5 2. c3 Nf6 3. e5 Nd5 4. Nf3 Nc6 5. Bc4 e6 6. d4 cxd4 7. cxd4 Nb6 8. Bd3
d6 9. Nc3 Nb4 10. Bb1 dxe5 11. Nxe5 Nc6 12. Qf3 Nxe5 13. dxe5 Nd5 14. O-O Nxc3
15. Qxc3 Bd7 16. Be4 Rc8 17. Qg3 Bc6 18. Bg5 Qb6 19. Bxc6+ bxc6 20. Rfd1 Bc5
21. b4 Bd4 22. Rac1 h6 23. Rxd4 Qxd4 24. Be3 Qd3 25. Qxg7 Rh7 26. Qg8+ Kd7 27.
Qg4 Kc7 28. Rd1 Rg7 29. Qf3 Qf5 30. Qxf5 exf5 31. Bxh6 Rg4 32. f4 Rg6 33. Bg5
Rb8 34. Be7 Rb5 35. Bc5 Re6 36. a4 Rb7 37. a5 Re8 38. Rd6 Re6 39. Rd3 Kc8 40.
a6 Rc7 41. Rh3 Re8 42. Rh6 Rg8 43. Rf6 Rg6 44. Rxf5 Rd7 45. Bd6 Kd8 46. Kf2 Ke8
47. h4 f6 48. h5 Rh6 49. g4 Kf7 50. Ke3 Ke6 51. Ke4 fxe5 52. fxe5 Rf7 53. Rxf7
Kxf7 54. Kf5 Ke8 55. e6 Rh8 56. Be5 Rh7 57. Bf6 c5 58. bxc5 Rc7 59. h6 1-0

[Event "Oberliga Ost B 2018 2019"]
[Site "?"]
[Date "2019.04.06"]
[Round "10.6"]
[White "Mehlhorn, Uwe"]
[Black "Seifert, Christopher"]
[Result "0-1"]
[WhiteElo "2069"]
[BlackElo "2317"]
[PlyCount "110"]
[EventDate "2018.10.21"]
[EventType "team-tourn"]
[EventCountry "GER"]
[WhiteTeam "Stadtilm SG BW"]
[BlackTeam "Neuberg SF"]
[WhiteTeamCountry "GER"]
[BlackTeamCountry "GER"]

1. d4 c5 2. c3 e6 3. e4 Nf6 4. Nd2 Nc6 5. Ngf3 cxd4 6. cxd4 d5 7. e5 Nd7 8. Be2
Qb6 9. Qa4 Bb4 10. a3 Bxd2+ 11. Bxd2 Qxb2 12. O-O Nb6 13. Qb5 Qxb5 14. Bxb5 Bd7
15. a4 Rc8 16. Rab1 Rc7 17. Rfc1 O-O 18. Bb4 Rd8 19. a5 Na8 20. Bxc6 Rxc6 21.
Rxc6 Bxc6 22. Bd6 Rc8 23. Nd2 f6 24. f4 Kf7 25. Kf2 Nc7 26. Bc5 Nb5 27. Rc1 Bd7
28. Nb3 Rc6 29. Ke3 Kg6 30. g4 b6 31. axb6 axb6 32. Bb4 Rc4 33. Rxc4 dxc4 34.
Nd2 Nc7 35. Kf2 Nd5 36. Bd6 c3 37. Nb3 Ba4 38. Nc1 f5 39. Kf3 Bd1+ 40. Kg3 fxg4
41. Ba3 Kf5 42. Nd3 Be2 43. Nb4 Nxf4 44. Kf2 Bc4 45. Ke3 h5 46. Bc1 h4 47. Nc6
Nd5+ 48. Kf2 b5 49. Ba3 Ke4 50. Ne7 Nxe7 51. Bxe7 c2 52. Ba3 b4 53. Bb2 Kd3 54.
Ke1 Bd5 55. Bc1 g3 0-1

[Event "Oberliga Ost B 2018 2019"]
[Site "?"]
[Date "2019.04.06"]
[Round "10.7"]
[White "Overbeck, Thorsten"]
[Black "Neubauer, Andreas"]
[Result "1/2-1/2"]
[WhiteElo "2288"]
[BlackElo "2185"]
[PlyCount "59"]
[EventDate "2018.10.21"]
[EventType "team-tourn"]
[EventCountry "GER"]
[WhiteTeam "Neuberg SF"]
[BlackTeam "Stadtilm SG BW"]
[WhiteTeamCountry "GER"]
[BlackTeamCountry "GER"]

1. d4 Nf6 2. c4 e6 3. Nf3 b6 4. a3 Be7 5. d5 Ba6 6. Qb3 O-O 7. Nc3 exd5 8. cxd5
Re8 9. g3 Qc8 10. Bg2 c5 11. dxc6 dxc6 12. Ne5 Rf8 13. O-O Bb7 14. Bf4 Na6 15.
Rfd1 c5 16. Nd5 Nxd5 17. Bxd5 Bxd5 18. Qxd5 Nc7 19. Qd7 Bf6 20. Nc6 Nb5 21.
Ne7+ Bxe7 22. Qxb5 Qe6 23. Rd2 a6 24. Qd7 Qxd7 25. Rxd7 Bf6 26. Rb1 b5 27. Bd6
Rfc8 28. Be7 Bxe7 29. Rxe7 Kf8 30. Rb7 1/2-1/2